Réponse en double lettres de A à Z - Statistiques

Statistiques générales
  • Ce quiz a été pris 1 024 fois
  • Le résultat moyen est 16 sur 26
Statistiques - réponses
Indices Réponses % Correct
FF Professionnel qui vous coupe les cheveux Coiffeur
96%
CC Chemin plus court que l'itinéraire prévu Raccourci
94%
OO Site web le plus visité au monde Google
91%
SS Pays célèbre pour sa neutralité Suisse
91%
MM Fruit utilisé dans la création du cidre Pomme
90%
GG Style musical de Bob Marley Reggae
90%
RR Forme géométrique aux 4 côtés de même longueur et à 4 angles droits Carré
89%
TT Selon une expression, elle fait déborder le vase Goutte
88%
PP Si le chauffeur est un champion, il doit le faire sur le champignon Appuyer
87%
EE Durandal, Mistiltein et Excalibur en sont des légendaires Épée
86%
LL Celle de Chine est la plus grande au monde Muraille
86%
ZZ Plat emblématique italien, dont le plus grand sacrilège est d'y mettre de l'ananas Pizza
86%
DD Célèbre capitaine et ami de Tintin Haddock
84%
AA Objet mythique recherché par Arthur et les chevaliers de la Table ronde Graal
78%
KK Bateau viking Drakkar
68%
NN Il a lieu chaque année pour célébrer un an de plus Anniversaire
66%
WW Acronyme de la plus célèbre fédération de catch américain WWE
58%
BB Appellation des bières faisant référence à la vie monastique Abbaye
44%
UU Dans Retour vers le futur 2, celui de l'espace-temps à subit une rupture Continuum
28%
QQ Code IATA de l'aéroport d'Iquique au Chili IQQ
26%
JJ Pèlerinage que font les musulmans aux lieux saints de la ville de La Mecque Hajj
23%
XX Acteur ayant obtenu l'Oscar du meilleur acteur en 2005 pour son interprétation de Ray Charles Jamie Foxx
22%
YY Dynastie arabe qui gouverne le monde musulman de 661 à 750 Omeyyades
12%
II Portail traditionnel japonais Torii
10%
HH Ville iranienne surnommée la ville aux mille visages Machhad
3%
VV Selon une expression, aller à cette vitesse signifie d'aller très très vite VV prime
2%
Aucun quiz correspondant
Distribution des résultats
% des personnes avec chaque résultat
Percentile par nombre de réponses
Votre historique - résultats
Vous n’avez pas pris ce quiz